000 01700nam0a2200337 4500
001 RU\NLR\bibl\4228
005 20260406042419.0
010 _a5-7350-0158-2
_940000
021 _aRU
_b98-4032
_9193
035 _a(NLR Aleph) 000004101
090 _a10154
_c10154
100 _a19980728d1997 e y0rusy50 ca
101 0 _arus
102 _aRU
105 _a|||||||||||||
200 1 _aОсновы жизненного самоопределения
_eУчеб. пособие для старшеклассников
_f[Борисова Т.В., к.филос.н., Заварихина Т.А., к.э.н., Емельянов В.К., к.г.-м.н. и др.
_gРед. Дмитриева Э.Я., к. филос. н., доц.]
210 _aСамара
_cСам. дом печати
_d1997
215 _a447 с.
_cил.
_d22
320 _aБиблиогр. в конце разделов
606 0 _aШкольники
_jРуководства, пособия и т.п.
_xСамоопределение
_91555624
_3RU\NLR\auth\66980491
606 0 _aШкольники
_jУчебные издания для средней школы
_xСамоопределение
_91555624
_3RU\NLR\auth\66980491
686 _aЧ421,6(2)202.5
686 _aЧ421,6(2)328
701 1 _4070
_8rus
_7ca
_aБорисова
_bТ. В.
_cд-р филос. наук
_gТатьяна Вадимовна
_3RU\NLR\AUTH\772641
_9112651
702 1 _4340
_8rus
_7ca
_aДмитриева
_bЭ. Я.
_cканд. филос. наук
_gЭлеонора Яковлевна
_3RU\NLR\auth\772642
_9112652
801 0 _aRU
_bNLR
_c19980728
_gPSBO
801 1 _aRU
_bNLR
_c19980728
852 _aNLR
_j98-5/392
942 _cBOOK
980 _aNB